000 00487cam a22001814a 4500
005 20250605164307.0
008 250528s ||||||||||||||||||||||||d
035 _a22291
040 _aGR-AtMCL
_bgre
_dGR-AtMCL
_eAACR2
245 1 _aΔΙΕΘΝΕΣ ΕΞΑΓΩΓΙΚΟ ΜΑΡΚΕΤΙΝΓΚ
250 _a1
260 _bΑ.Σταμουλης,
_c1992
300 _a497
700 1 _aΠανηγυρακης Γεωργιος
_98158
942 _cBK
999 _c7346
_d7346